书目信息 |
| 题名: |
学点逻辑
|
|
| 作者: | 倪鼎夫 编 | |
| 分册: | ||
| 出版信息: | 北京 人民出版社 1978 |
|
| 页数: | 129页 | |
| 开本: | 19cm | |
| 丛书名: | ||
| 单 册: | ||
| 中图分类: | B812 , B81 | |
| 科图分类: | ||
| 主题词: | 形式逻辑 | |
| 电子资源: | ||
| ISBN: | ||
| 000 | 00615nam0 2200253 45 | |
| 001 | 0935113816 | |
| 005 | 20090928094745.12 | |
| 010 | @dCNY0.29 | |
| 091 | @aCN@b2001.141 | |
| 100 | @a19950712d1978 em y0chiy0121 ea | |
| 101 | 0 | @achi |
| 102 | @aCN@b110000 | |
| 105 | @ay z 000yy | |
| 200 | 10 | @a学点逻辑@Axue dian luo ji@f倪鼎夫编 |
| 205 | @a2版(修订本) | |
| 210 | @a北京@c人民出版社@d1978 | |
| 215 | @a129页@d19cm | |
| 300 | @a哲学社会科学基础读物 | |
| 606 | @a形式逻辑 | |
| 690 | @aB812@v3 | |
| 690 | @aB81@v4 | |
| 701 | 0 | @a倪鼎夫@Ani ding fu@4编 |
| 801 | 0 | @aCN@bTSSF |
| 905 | @a10447@dB81@eJY23 | |
| 学点逻辑/倪鼎夫编.-2版(修订本).-北京:人民出版社,1978 |
| 129页;19cm |
| 哲学社会科学基础读物 |
| ISBN :CNY0.29 |
| ● |
| 相关链接 |
|
|
|
|
正题名:学点逻辑
索取号:B81/JY23
 
预约/预借
| 序号 | 登录号 | 条形码 | 馆藏地/架位号 | 状态 | 备注 |
| 1 | 7824999 | 278249995 | 学院路分馆/ [索取号:B81/JY23] | 在馆 |